[Event "POL-chT 2nd League"]
[White "Lupkowski, Edward"]
[Black "Zadlo, Roman"]
[Site "Polanica Zdroj"]
[Round "9"]
[Result "1-0"]
[Date "2004.09.10"]
[WhiteElo "2210"]
[BlackElo "2000"]
[PlyCount "55"]
[EventDate "2004.09.04"]
[EventType "team-swiss"]
[EventRounds "11"]
[EventCountry "POL"]
[SourceTitle "CBM 102 Extra"]
[Source "ChessBase"]
[SourceDate "2004.11.03"]
[SourceVersion "1"]
[SourceVersionDate "2004.11.03"]
[SourceQuality "1"]
[WhiteTeam "Wroclaw AZS Politechnika"]
[BlackTeam "Rzeszow Zelmer II"]
[WhiteTeamCountry "POL"]
[BlackTeamCountry "POL"]

1. e4 c6 2. Nc3 d5 3. Nf3 Bg4 4. h3 Bxf3 5. Qxf3 e6 6. d4 dxe4 7. Nxe4 Nf6 8. Nxf6+ gxf6 9. c3 Bd6 10. Bd3 Nd7 11. g4 Qe7 12. Bd2 0-0-0 13. 0-0-0 c5 14. Bh6 cxd4 15. cxd4 Kb8 16. Be4 Nb6 17. Bg7 f5 18. Bxh8 fxe4 19. Qf6 Qc7+ 20. Kb1 Nd5 21. Qg7 Bf4 22. Rc1 Bxc1 23. Rxc1 Qf4 24. Qxh7 Qxf2 25. Qxe4 Ka8 26. Be5 f5 27. gxf5 exf5 28. Qxd5 1-0

[Event "POL-chT 2nd League"]
[White "Ponceleusz, Bronislaw"]
[Black "Zadlo, Roman"]
[Site "Polanica Zdroj"]
[Round "7"]
[Result "0-1"]
[Date "2004.09.09"]
[WhiteElo "2003"]
[BlackElo "2000"]
[PlyCount "54"]
[EventDate "2004.09.04"]
[EventType "team-swiss"]
[EventRounds "11"]
[EventCountry "POL"]
[SourceTitle "CBM 102 Extra"]
[Source "ChessBase"]
[SourceDate "2004.11.03"]
[SourceVersion "1"]
[SourceVersionDate "2004.11.03"]
[SourceQuality "1"]
[WhiteTeam "Milanowek UKS Jedwabnik"]
[BlackTeam "Rzeszow Zelmer II"]
[WhiteTeamCountry "POL"]
[BlackTeamCountry "POL"]

1. d4 d5 2. Nf3 Nf6 3. Bf4 e6 4. e3 Be7 5. h3 0-0 6. Nbd2 c5 7. c3 Nc6 8. Bd3 cxd4 9. exd4 Bd6 10. Bxd6 Qxd6 11. 0-0 Rb8 12. Re1 b5 13. b4 a5 14. a3 a4 15. Qe2 Na7 16. Ne5 Bd7 17. Rac1 Rfc8 18. Bb1 Rc7 19. Nd3 Nc8 20. Nc5 Qb6 21. g4 Nd6 22. g5 Nfe8 23. Nf3 Nc4 24. Ne5 Nxe5 25. dxe5 g6 26. Qe3 Bc6 27. Qd4 Rbc8 0-1